Български митични създания (Запис номер 400368)
[ съкратено ]
| 000 -Лидер | |
|---|---|
| Контролно поле с фиксирана дължина | 01679nam a22003017a 4500 |
| 003 - Код на организацията, давaща контролен номер | |
| Контролно поле | BLK |
| 005 - Дата и час на последна редакция | |
| Контролно поле | 20250331130258.0 |
| 008 - Елементи от данни с фиксирана дължина | |
| fixed length control field | 210309b bu ||||| |||| 00| 0 bu d |
| 020 ## - Международен стандартен номер на книга ISBN | |
| Международен стандартен номер на книга ISBN | 9786191515059 |
| 040 ## - Източник на каталожния запис | |
| Идентификатор на билиотеката - собственик на записа | BLK |
| 041 ## - Код за език | |
| Код за езика на текст/звукозапис или на отделно заглавие | Български |
| Код за езика КДБФ | Български |
| 080 ## - УДК | |
| Текстов определител УДК | Издания за деца и юноши. Книжки-картинки. Читанки. Вж и 372.4 |
| УДК код - определител по УДК | 087.5 |
| УДК определител | :398.4(=163.2) |
| УДК - код + определител | 087.5:398.4(=163.2) |
| 080 ## - УДК | |
| Текстов определител УДК | Свръхсетивен свят. Шаманизъм. Духове, магьосници, дракони, великани и др. |
| УДК код - определител по УДК | 398.4 |
| УДК определител | (=163.2):087.5 |
| УДК - код + определител | 398.4(=163.2):087.5 |
| 100 ## - Редна дума - Автор | |
| R(LIN) | 1299 |
| Автор | Димитрова, Кристина Валентинова |
| Авторска отговорност | първи автор |
| 139 ## - Редно поле | |
| Редна дума | Димитрова, Кристина Валентинова |
| Авторски знак | Дими - Д 58 |
| 245 ## - Сведения за заглавието | |
| Заглавие | Български митични създания |
| Подзаглавни данни | Легенди, предания, фолклор : енциклопедия |
| Редно поле (дума) | авт.-състав. Кристина Димитрова ; ил. Калоян Стоянов ; науч. ред., предг. Вихра Баева |
| 257 ## - Страна на издаване | |
| Страна на създаване/издаване | България |
| 260 ## - Област на издателските данни | |
| 9 (RLIN) | 209582 |
| Място на издаване, разпространение и проч. | София |
| Име на издателя, разпространителя и проч. | СофтПрес |
| Година на издаване | 2019 |
| Издателство - префикс ISBN | 978-619-151- ; 978-954-685- |
| 300 ## - Физическа характеристика | |
| Страници | 80 с. |
| Илюстрации и др. | с цв. ил. |
| Размери/Мащаб | 29 см |
| 380 ## - Жанр | |
| Жанр | Детска отраслова лит. |
| 650 #0 - Допълнително описание по предмет – тема | |
| 9 (RLIN) | 335759 |
| Основно описание – тема или топоним | Митология, българска |
| 650 #0 - Допълнително описание по предмет – тема | |
| 9 (RLIN) | 243025 |
| Основно описание – тема или топоним | Детска и юношеска литература |
| 700 ## - Други автори (авторска отговорност) | |
| 9 (RLIN) | 599 |
| Лично име | Стоянов, Калоян Владимиров |
| Автороска отговорност (Описва отношението между автора и произведението) | ил. |
| 700 ## - Други автори (авторска отговорност) | |
| 9 (RLIN) | 401063 |
| Лично име | Баева, Вихра Господинова |
| Автороска отговорност (Описва отношението между автора и произведението) | предг. |
| 852 ## - Местоположение | |
| Форматна сигнатура | Цб ІІ 29765 |
| Фондова буква | Хранилище |
| 999 ## - СИСТЕМНИ КОНТРОЛНИ НОМЕРА | |
| Koha biblionumber | 400368 |
| Koha biblioitemnumber | 400368 |
| 942 ## - АРТИКУЛИ | |
| Вид на библиотечния материал | Книги |
| Скрит в OPAC | Не |
| Периодичен библиозапис | Да |
| Koha issues (borrowed), all copies | 8 |
| 944 ## - СЪЗДАВАНЕ И РЕДАКЦИЯ на ЗАПИСА | |
| Създаване/Редакция | Създаване |
| Дата на регистрацията/редакция | 2021-03-09 |
| Служител, извършил регистрацията/редакцията | 30550 |
| Статус, дата на статуса | Кети Илиева |
| Код за отписване | Код за изгубен артикул | Източник на класификационната схема | Код за повреда | Коз за рестрикции | Код за отдаване | Артикулен № | Име на библиотеката - собственик | Име на библиотеката, в която се намира в момента | Статус (Текущо местоположение) | Дата на вписване в системата | Местоположение - отдел | Цена в лева | Систематично азбучна сигнатура | Баркод | Цена в евро | Служебен тип на артикула |
|---|---|---|---|---|---|---|---|---|---|---|---|---|---|---|---|---|
| Не е изгубен | Universal Decimal Classification | Не е повреден | само за читалня | ползва се в читалня | 815752 | Регионална библиотека "Любен Каравелов" Русе | Регионална библиотека "Любен Каравелов" Русе | Хранилище | 2021-03-10 | Хранилище | 19.99 | Цб ІІ 29765 | 120000852984 | 10.22 | Книги | |
| Не е изгубен | Universal Decimal Classification | Не е повреден | без рестрикции | заемане за дома | 861682 | Регионална библиотека "Любен Каравелов" Русе | Регионална библиотека "Любен Каравелов" Русе | Детски отдел | 2021-11-12 | Детски отдел | 13.98 | 39/Д 58 К | 120000862402 | 7.15 | Книги | |
| Не е изгубен | Universal Decimal Classification | Не е повреден | без рестрикции | заемане за дома | 861683 | Регионална библиотека "Любен Каравелов" Русе | Регионална библиотека "Любен Каравелов" Русе | Детски отдел | 2021-11-12 | Детски отдел | 13.98 | 39/Д 58 К | 120000862401 | 7.15 | Книги |